Strategies for regenerating the library and information professions : (Record no. 133826)
[ view plain ]
| 000 -LEADER | |
|---|---|
| fixed length control field | 01065nam a2200241 a 4500 |
| 008 - FIXED-LENGTH DATA ELEMENTS--GENERAL INFORMATION | |
| fixed length control field | |
| 020 ## - INTERNATIONAL STANDARD BOOK NUMBER | |
| International Standard Book Number | 9783598220449 |
| 049 ## - LOCAL HOLDINGS (OCLC) | |
| Holding library | MAIN |
| 090 ## - LOCALLY ASSIGNED LC-TYPE CALL NUMBER (OCLC); LOCAL CALL NUMBER (RLIN) | |
| Classification number (OCLC) (R) ; Classification number, CALL (RLIN) (NR) | Z682 |
| Local cutter number (OCLC) ; Book number/undivided call number, CALL (RLIN) | STR |
| 003 - CONTROL NUMBER IDENTIFIER | |
| control field | |
| 005 - DATE AND TIME OF LATEST TRANSACTION | |
| control field | 20230123125006.0 |
| 040 ## - CATALOGING SOURCE | |
| Transcribing agency | NUST |
| 245 #0 - TITLE STATEMENT | |
| Title | Strategies for regenerating the library and information professions : |
| Remainder of title | Eighth World Conference on continuing professional development and workplace learning for the library and information professions [from] 18-20 August 2009, Bologna, Italy / |
| Statement of responsibility, etc. | edited by Jana Varlejs and Graham Walton. |
| 246 ## - VARYING FORM OF TITLE | |
| Title proper/short title | Eighth World Conference on continuing professional development and workplace learning for the library and information professions [from] 18-20 August 2009, Bologna, Italy. |
| 300 ## - PHYSICAL DESCRIPTION | |
| Extent | 415 p. ; |
| Dimensions | 22 cm. |
| 440 ## - SERIES STATEMENT/ADDED ENTRY--TITLE | |
| Title | IFLA Publications 139. |
| 504 ## - BIBLIOGRAPHY, ETC. NOTE | |
| Bibliography, etc. note | Includes bibliographical references. |
| 650 #1 - SUBJECT ADDED ENTRY--TOPICAL TERM | |
| Topical term or geographic name entry element | Library and information professions. |
| 700 ## - ADDED ENTRY--PERSONAL NAME | |
| Personal name | Walton, Graham. |
| 700 ## - ADDED ENTRY--PERSONAL NAME | |
| Personal name | Varlejs, Jana. |
| 907 ## - LOCAL DATA ELEMENT G, LDG (RLIN) | |
| a | .b10272434 |
| b | 05-02-10 |
| c | 04-02-10 |
| 942 ## - ADDED ENTRY ELEMENTS (KOHA) | |
| Koha item type | Ordinary Loan Books |
| Call number prefix | Z682 |
| Call number suffix | STR |
| Date last seen | Total Checkouts | Full call number | Barcode | Cost, replacement price | Price effective from | Koha item type | Lost status | Source of classification or shelving scheme | Damaged status | Not for loan | Collection | Withdrawn status | Home library | Current library | Shelving location | Date acquired | Cost, normal purchase price |
|---|---|---|---|---|---|---|---|---|---|---|---|---|---|---|---|---|---|
| 01/23/2023 | 10 | Z682 STR | 92004012611 | 80.00 | 01/23/2023 | BOOKS | LCC | NFIC | MAIN | MAIN | GEN | 01/23/2023 | 80.00 |